Fútbol #1 (champions) - Estadísticas

Estadísticas generales
  • Esta prueba ha sido intentada 163 veces
  • La puntuación promedio es 7 de 15
Estadísticas de respuestas
Pregunta Respuesta % Correcto
De los siguientes jugadores, cual ha perdido más finales? Paolo Maldini
79%
Que equipo español ha perdido dos finales seguidas? Valencia
72%
Quien es el jugador español con más partidos jugados en la competición? Iker Casillas
69%
Que jugadores han ganado el título con 3 equipos distintos? Seedorf y Eto’o
62%
Que equipos han sido campeones 3 veces seguidas o más? Ajax, Bayern y Madrid
59%
Cuantos países tienen algún equipo ganador? 10
48%
Cuantas champions suman los equipos alemanes? 8
48%
Cual fue el primer equipo holandés en ganar el trofeo? Feyenoord
45%
Que equipo italiano no ha jugado nunca una final? Napoles
41%
Que equipo inglés levantó el trofeo en 1982? Aston Villa
38%
Cuales son los jugadores que llegaron a más finales? Paco Gento y Maldini
38%
Cual es el único equipo griego que ha disputado una final? Panathinaikos
38%
Cuales son los jugadores con más goles en finales? Di Stéfano y Puskas
28%
Cuantos equipos han ganado 3 champions o más? 8
24%
Que equipo salió campeón en 1987? Porto
21%
No se encontraron pruebas coincidentes
Distribución de puntuación
Porcentaje de gente con cada puntuación
Porcentaje por número respondido
Historial de tus puntuaciones
No has intentado esta prueba.